000 00676nmc a2200265 a 4500
003 AR-BaBNM
005 20251128211731.0
008 226020s2005 ||||||||||||||000 | spa||
020 _a950-581-184-5
040 _cAR-BaBNM
100 1 _aCirianni, Gerardo
245 1 0 _aRumbo a la lectura
250 _a1ª ed.
260 _aBuenos Aires
_bColihue
_c2005
300 0 _a212 p.
490 0 _aNuevos caminos
650 4 _aINICIACION EN LA LECTURA
650 4 _aPROMOCION DE LA LECTURA
650 4 _aALFABETIZACION
650 4 _aMATERIAL DE LECTURA
653 0 _aESTRATEGIAS DIDACTICAS
700 1 _aPeregrina, Luz María
942 _cBK
998 _cme-solo cat
999 _c20887
_d20887